Domnienky v práve

Bibliographic Details
Main Author: Káčer, Marek, 1983- (Author)
Format: Article
Language:Slovak
ISSN:0032-6984
Subjects:

MARC

LEADER 00000nab a2200000 a 4500
001 vtls010066808
003 SK-MaSNL
005 20260304161006.0
008 250507c2009 xo mr|p|||||||000 b|slo
015 |a SNBRB2010/02  |2 snkbucl 
035 |a (uuid)f81f8608-faaa-49c9-9f89-4e312ed336f3 
035 |a urn:nbn:sk:snk-ab2a1c 
035 |a (urnnbn)urn:nbn:sk:snk:ar-a020cf 
038 |a SNKBUCL 
040 |a SNKBUCL  |b slo  |c SNKBUCL  |e AACR2 
041 0 |a slo  |b eng 
044 |a xo  |c SK 
080 |a 347.946  |2 2001 
080 |a 340.12  |2 2001 
100 1 |a Káčer, Marek,  |d 1983-  |4 aut  |9 212895 
245 1 0 |a Domnienky v práve  |c Marek Káčer 
504 |a Bibliogr. odkazy 
546 |a Res. angl. 
650 0 7 |a Právne domnienky  |2 snkbucl  |9 1484353 
650 0 7 |a právne fikcie  |2 snkbucl  |9 1484354 
650 0 7 |a legálne definície  |2 snkbucl  |9 1484355 
650 0 7 |a teória práva  |2 snkbucl  |9 2685 
773 0 |t Právny obzor  |g Roč. 92, č. 6 (2009), s. 502-515  |x 0032-6984 
850 |a Slovenská národná knižnica 
852 |a Slovenská národná knižnica 
954 |a odborná, vedecká literatúra pôvodná (slovenská)  |2 lita 
958 |a article27 
958 |a SK 
958 |a NB 
958 |a OND 
958 |a EUIPO 
999 |c 2969521  |d 2971451